000 00740nam a2200205Ia 4500
003 GCL
008 140319s9999 xx 000 0 ara d
020 _a0182270977
040 _aGCL /
_cGCL
082 0 4 _a929.5
_bم م
100 1 _aمحمد فتحى ابوبكر
245 1 0 _aمرشد الزوار الى قبور الابرار :
_bالمسمى الدر المنظم فى زيارة الجبل المقطم /
_cمحمد فتحى ابوبكر
700 1 _aموفق الدين بن عثمان
250 _aالاولى
260 _aالقاهرة :
_bالدار المصرية اللبنانية ،
_c1995
300 _a2 مج ؛
_c24 سم
650 0 4 _aالمقابر
650 0 4 _aشواهد القبور
942 _2ddc
_cBK
999 _c53311
_d53311